000 00516nam a2200181Ia 4500
999 _c16787
_d16787
003 OSt
005 20200606120006.0
008 190216s9999||||xx |||||||||||||| ||und||
020 _a8188197068
040 _cMESKC library
082 _a891.433
_bTRI/N
100 _aTrivedi, Kranti
_9300
245 0 _aNaari Man Ki Kahaniyan /
_c Kranti Trivedi
260 _bKavitha Book Centre,
_c2012.
_aDelhi:
300 _a208p
650 _aHindi
942 _cBK
_2ddc
_h891.433
_iTRI/N
_k891.433
_mTRI/N